LEADER 03348nam 2200565 a 450 001 9910672398103321 005 20221108081911.0 010 $a1-5129-1306-5 035 $a(CKB)1000000000436340 035 $a(EBL)3175786 035 $a(SSID)ssj0000447694 035 $a(PQKBManifestationID)11279574 035 $a(PQKBTitleCode)TC0000447694 035 $a(PQKBWorkID)10524400 035 $a(PQKB)11120356 035 $a(MiAaPQ)EBC3175786 035 $a(OCoLC)1010729510 035 $a(FlNmELB)ELB36651 035 $a(EXLCZ)991000000000436340 100 $a20130510d2006 uy 0 101 0 $aspa 135 $aur|n|---||||| 181 $ctxt 182 $cc 183 $acr 200 13$aEl equilibrio en la relacio?n me?dico-paciente$b[recurso electronico]$fCarmen Blas Orba?n 210 $aBarcelona $cBosch Editor$d2006 215 $a1 online resource (294 p.) 300 $aDescription based upon print version of record. 311 $a84-7698-770-6 327 $aEl equilibrio en la relacio?n me?dico-paciente; Pa?gina Legal; I?ndice; Introduccio?n; I. Relacio?n me?dico-paciente; 1.1. Generalidades; 1.2. Obligacio?n del me?dico. Cumplimiento de la ""lex artis""; 1.2.1. Diligencia debida; 1.2.2. Deber de cuidado; 1.2.3. Deber de informacio?n; 1.3. Contenido de la obligacio?n del me?dico; 1.3.1. Medicina curativa o necesaria; 1.3.2. Medicina voluntaria o satisfactiva; 1.4. Responsabilidad profesional; 1.4.1. Error de diagno?stico; 1.4.1.1. Jurisprudencia; II. La voluntad del paciente en la asistencia sanitaria; 2.1. Generalidades. 327 $a2.7.3. Consentimiento por representacio?n2.7.4. Consentimiento del menor en caso de aborto; III. El deber de informacio?n como elemento intri?nseco del consentimiento; 3.1. Jurisprudencia; 3.2. Titular del derecho a la informacio?n; 3.2.1. Renuncia a recibir informacio?n; 3.2.2. Situaciones derivadas de incapacidad; 3.2.3. Situaciones excepcionales. Necesidad terape?utica; 3.3. Contenido de la informacio?n; 3.3.1 Li?mites del contenido de la informacio?n; 3.3.2 Circunstancias de lugar y forma; 3.4. Carga de la prueba; 3.5. Comentarios generales 327 $aIV. Atencio?n sanitaria en la sanidad pu?blica. Responsabilidad4.1. Aspectos generales; 4.1.1. Antecedentes normativos; 4.1.2. Evolucio?n jurisprudencial; 4.2. Presupuestos de la responsabilidad patrimonial; 4.3. Extensio?n de la obligacio?n de indemnizar; 4.4. Responsabilidad del me?dico de atencio?n primaria; 4.4.1. Diferencias sustanciales dentro del ejercicio de la medicina; 4.5. Indemnizacio?n de dan?os al paciente; 4.6. Jurisprudencia. Tribunal de lo Contencioso-administrativo; 4.6.1. Destacable importancia de la lex artis; V. Conclusiones; Bibliografi?a y Documentacio?n 606 $aMe?dicos 606 $aResponsabilidad 606 $aPhysician and patient 606 $aMedical laws and legislation 615 4$aMe?dicos. 615 4$aResponsabilidad. 615 0$aPhysician and patient. 615 0$aMedical laws and legislation. 700 $aBlas Orba?n$b Carmen$01335930 712 02$ae-libro, Corp. 801 0$bMiAaPQ 801 1$bMiAaPQ 801 2$bMiAaPQ 906 $aBOOK 912 $a9910672398103321 996 $aEl equilibrio en la relacio?n me?dico-paciente$93051183 997 $aUNINA LEADER 01719cam a2200313 4500 001 991003186319707536 005 20250430130140.0 008 940527s1677 it b 001 0 ita d 035 $ab14294618-39ule_inst 035 $aCICOGNARA-A2012-0106$9ExL 040 $aBibl. Interfacoltà T. Pellegrino$bita 100 1 $aBocchi, Francesco$d<1548-1618>$0211990 245 13$aLe bellezze della citta di Firenze :$bdove a pieno di pittura di scultura, di sacri templi, di palazzi, i più notabili artifizj e più preziosi si contengono /$cscritte già da M. Francesco Bocchi ; ed ora da M. Giovanni Cinelli ampliate ed accresciute. 260 $aIn Firenze :$bper Gio. Gugliantini,$c1677. 300 $a4 f. p., 584, [36] p.; $c8° (18 cm). 500 $aDedicated to: "All'Eminentiss. e Reverendiss. Sig. Mio Sig. e Padrone Colendiss. il Sig. Cardinale Francesco Neri Arcivesc. di Firenze". 500 $aDedication signed: Giovanni Cinelli. 500 $aIncludes index. 500 $aRiproduzione in microfiche dell'originale conservato presso la Biblioteca Apostolica Vaticana 651 4$aFirenze$xGuide 700 1 $aCinelli Calvoli, Giovanni$d<1625-1706> 787 18$iLeopoldo Cicognara Program :$tBiblioteca Cicognara$h[microform] : literary sources in the history of art and kindred subjects 787 18$tCatalogo ragionato dei libri d'arte e d'antichità / Leopoldo Cicognara 907 $a.b14294618$b01-04-22$c28-07-16 912 $a991003186319707536 945 $aLE002 SB Raccolta Cicognara, mcrf 4209$g0$lle002$pE0.00$rn$so $t11$u0$v0$w0$x0$y.i15766081$z28-07-16 996 $aBellezze della città di Firenze$9606124 997 $aUNISALENTO 998 $ale002$b28-07-16$cm$dg $e-$fita$git $h3$i1